00345nam a22001337a 4500003000400000020001800004082001800022100002200040245006900062250000800131260004600139300000800185650001800193SGT a9780867157130 a617.525bA17M aMizukawa, Matthew aAnesthesia Considerations for the Oral and Maxillofacial Surgeon a1ST aNEW DELHI bQuintessence Publishingc2017 a467 aORAL SURGERY